000 00330nam a2200145Ia 4500
008 230711s9999||||xx |||||||||||||| ||und||
041 _aENG
082 _a621
_bGO-S
100 _aGolden,D.E
245 0 _aStatics
250 _a1st
260 _c1976
_aNew Delhi
_bUDH Publication & Distribucation
650 _aPhysics
942 _cBK
999 _c884
_d884